|
|
|
|
| LEADER |
00000nam2a2200000 4500 |
| 001 |
199636 |
| 005 |
20231031184359.0 |
| 010 |
|
|
|a 5030015426
|
| 010 |
|
|
|a 5-03-001544-2
|
| 020 |
|
|
|a RU
|b 90-56685
|
| 035 |
|
|
|a (RuTPU)RU\TPU\book\217671
|
| 090 |
|
|
|a 199636
|
| 100 |
|
|
|a 20110822g1990 m a0rusy5003 ca
|
| 101 |
1 |
|
|a rus
|c eng
|
| 200 |
0 |
|
|a Кн. 2
|
| 210 |
|
|
|d 1990
|
| 215 |
|
|
|d 22 см
|e (ил.)
|a 551 с.
|
| 461 |
|
1 |
|0 (RuTPU)RU\TPU\book\217744
|y 5-03-001542-6
|t Экспериментальная механика
|o в 2 кн.
|o пер. с англ.
|f под ред. А. Кобаяси
|v Кн. 2
|d 1990-
|
| 610 |
1 |
|
|a механика экспериментальная
|
| 610 |
1 |
|
|a покрытия
|
| 610 |
1 |
|
|a неразрушающие испытания
|
| 610 |
1 |
|
|a деформации
|
| 610 |
1 |
|
|a колебания
|
| 610 |
1 |
|
|a остаточные напряжения
|
| 610 |
1 |
|
|a композитные материалы
|
| 801 |
|
0 |
|a RU
|b RuMRKP
|c 19950417
|g psbo
|
| 801 |
|
1 |
|a RU
|b 63413507
|c 20110822
|
| 801 |
|
2 |
|a RU
|b 63413507
|c 20131216
|g RCR
|
| 942 |
|
|
|c BK
|